000 00915nam a2200277 c 4500
003 BLK
005 20180420230843.0
008 180409b bul|||||r ||||||| ||bul||
010 _aKNG00118399000
040 _aBLK
041 _aBUL
_cBUL
080 _aБългарска литература
_b821.163.2
_x-31
_z821.163.2-31
100 1 _aСевов, Кольо Димитров
_eпърви автор
_9312746
139 _aСевов, Кольо Димитров
_bС 30
245 1 0 _aМоите странствувания
_bПътеписи
_cКольо Димитров Севов.
257 _aBGR
260 София
_bПартиздат
_c1978
300 _a303 с.
_c21 см
380 _aX
500 _a10 110 тир.
852 _aЦб 93676
856 4 _qpdf
_u
856 4 _qpdf
_u
942 _cKNG
_n0
944 _aCR
_c19.11.2016
_kПравда_Бадева
944 _aED
_c19.11.2016
_kПравда_Бадева
999 _c113013
_d113013